Piezas

Сохранить в:
Библиографические подробности
Главный автор: Ponge, Francis (Автор)
Формат:
Язык:испанский
Опубликовано: Madrid Visor 1985
Серии:Colección Visor de Poesía, 201
Предметы:
Метки: Добавить метку
Нет меток, Требуется 1-ая метка записи!

MARC

LEADER 00000cam a2200000 a 4500
001 UCE0329
003 CL-VaPUC
008 140116e19850000sp |||||||||||||||||spa|d
020 |a 8475222013 
082 0 4 |a 841  |b PON  |2 21 
100 0 |a Ponge, Francis  |e author  |9 572689 
245 1 0 |a Piezas 
300 |a 151 p 
942 |c BK 
945 |d 20140116 11:53:00  |a cmena 
260 |a Madrid  |b Visor  |c 1985 
650 0 |a Poesías francesas  |9 265467 
650 0 |a Literatura francesa  |9 266330 
583 |a last modification  |c 20140116 11:53:00  |k Rodrigo Vera 
490 0 |a Colección Visor de Poesía, 201 
999 |c 354498  |d 354496 
952 |0 0  |1 0  |3 erb  |4 0  |6 841_000000000000000_PON_1985  |7 0  |8 A  |9 460432  |a BIBART  |b BIBART  |i 5037832  |o 841 PON 1985  |p 5037832  |r 2025-03-13  |w 2019-11-23  |y BK  |z Catalogado en:20140116  |k ART 
952 |0 0  |1 0  |3 erb  |4 0  |6 841_000000000000000_PON_1985  |7 0  |8 A  |9 460433  |a BIBART  |b BIBART  |i 5472288  |o 841 PON 1985  |p 5472288  |r 2025-03-13  |w 2019-11-23  |y BK  |z Catalogado en:20180527  |k ART